Science Quiz

Random Science or Blitz Quiz

Non-Metric Weights and Measures Blitz Quiz Stats

 Plays Quiz Updated Nov 6, 2019

Support Sporcle.
Go Orange.
Score 0/26 Timer 02:00
0 Plays Today
Weights/Measurements Answer % Correct
1 foot = ____ inches12
99.2%
1 quart = ____ pints2
91.7%
1 yard = ____ feet3
91.4%
1 gross = ____ dozen12
74.6%
1 tablespoon = ____ teaspoons3
73.9%
1 yard = ____ inches36
70.7%
1 dozen = a group of ____12
70.7%
1 square foot = ____ square inches144
68.1%
1 ton = ____ pounds2000
67.7%
1 pint = ____ cups2
65.8%
1 gallon = ____ quarts4
65.6%
freezing point of water = ____ degrees Fahrenheit32
62.5%
1 fortnight = ____ days14
61.6%
Weights/Measurements Answer % Correct
boiling point of water = ____ degrees Fahrenheit212
60.2%
1 cup = ____ tablespoons16
55.5%
1 pound = ____ ounces16
55%
1 land mile = ____ feet5,280
52%
1 square yard = ____ square feet9
42.8%
1 cubic yard = ____ cubic feet27
42.6%
1 bushel = ____ pecks4
38.8%
1 peck = ____ quarts8
36.7%
1 score = a group of ____20
34.9%
for measuring horses, 1 hand = ____ inches4
23.3%
1 square mile = ____ acres640
11%
1 skein of yarn = ____ feet360
1.6%
1 bolt of cloth = ____ feet120
1.4%

You're not logged in!

Compare scores with friends on all Sporcle quizzes.
OR
Log In

From the Vault

Top Row Typing Challenge

by geronimostilton

Your typing will need to be in tip-top shape.
Remove Ads.
Support Sporcle.
Get the best of Sporcle when you Go Orange. This ad-free experience offers more features, more stats, and more fun while also helping to support Sporcle. Thank you for becoming a member.

Show Comments

Extras

Top Quizzes Today


Score Distribution

Your Account Isn't Verified!

In order to create a playlist on Sporcle, you need to verify the email address you used during registration. Go to your Sporcle Settings to finish the process.

Report this User

Report this user for behavior that violates our Community Guidelines.

Details: